Les départements de tous les champions de Ligue 1 - Statistiques

Statistiques générales
  • Ce quiz a été pris 738 fois
  • Le résultat moyen est 14 sur 18
Statistiques - réponses
Club Département % Correct
Paris Saint-Germain Paris
89%
Olympique lyonnais Rhône (et métropole de Lyon)
89%
Olympique de Marseille Bouches-du-Rhône
87%
AS Saint-Étienne Loire
85%
Girondins de Bordeaux Gironde
83%
LOSC Lille Nord
83%
RC Paris Paris
82%
Olympique lillois Nord
81%
Montpellier HSC Hérault
80%
FC Nantes Loire-Atlantique
80%
CO Roubaix-Tourcoing Nord
74%
RC Lens Pas-de-Calais
73%
OGC Nice Alpes-Maritimes
72%
RC Strasbourg Alsace Bas-Rhin
72%
FC Sète Hérault
63%
AJ Auxerre Yonne
58%
Stade de Reims Marne
57%
FC Sochaux-Montbéliard Doubs
56%
Aucun quiz correspondant
Distribution des résultats
% des personnes avec chaque résultat
Percentile par nombre de réponses
Votre historique - résultats
Vous n’avez pas pris ce quiz